Lí luận văn học

Nội dung sách gồm: Lí luận văn học là bộ môn chính, văn học với hiện thực đời sống; ý thức xã hội trong văn học; văn học gương mặt của văn hóa dân tộc; tư duy nghệ thuật của nhà văn.

Guardat en:
Dades bibliogràfiques
Autor principal: Phương, Lựu
Format: Llibre
Idioma:Undetermined
Publicat: Hà Nội Nxb. Đại học Sư Phạm 2016
Matèries:
Etiquetes: Afegir etiqueta
Sense etiquetes, Sigues el primer a etiquetar aquest registre!
Thư viện lưu trữ: Trung tâm Học liệu Trường Đại học Cần Thơ
LEADER 01091nam a2200241Ia 4500
001 CTU_224141
008 210402s9999 xx 000 0 und d
020 |c 66000 
082 |a 801.95 
082 |b L566/T.1 
100 |a Phương, Lựu 
245 0 |a Lí luận văn học 
245 0 |c Phương Lựu (Chủ biên) 
260 |a Hà Nội 
260 |b Nxb. Đại học Sư Phạm 
260 |c 2016 
520 |a Nội dung sách gồm: Lí luận văn học là bộ môn chính, văn học với hiện thực đời sống; ý thức xã hội trong văn học; văn học gương mặt của văn hóa dân tộc; tư duy nghệ thuật của nhà văn. 
526 |a XH116 
526 |b Phương pháp nghiên cứu văn học 
650 |a Literature,Literature,Literature,Văn học,Văn học 
650 |x History and criticism,History and criticism,Philosophy,Lý luận và phê bình,Triết lý 
910 |a Tuyến 
980 |a Trung tâm Học liệu Trường Đại học Cần Thơ